00273nam a2200109Ia 4500008004100000100001900041245004500060260002200105650001200127942000700139999001700146190216s9999||||xx |||||||||||||| ||und|| aJohn E Danberg 0aWords Worth The Produced And Other Poems bEdward Arnold Ltd aEnglish cBK c12405d12405